000 02965nam0a2200433 4500
001 RU\NLR\BIBL_A\011622437
005 20250626100820.0
020 _aRU
_b11776
_9Сводный каталог листовок первых лет Советской власти (25 октября (7 ноября) 1917 - 1925) Т.4 (Ч.3). Листовки советских, партийных, профсоюзных, комсомольских и других организаций губерний РСФСР
035 _a(NLR Aleph) 011622437
090 _a10990784
_c10990784
100 _a20180206d1921 |||y0rusy50 ca
101 0 _arus
102 _aRU
105 _ay z 000zy
135 _acrcn 024anaba
200 1 _aПриказ № 25 председателям сельсоветов, волисполкомов, волпродинспекторам и уполномоченным Упродтройки уезда: [О выполнении налога на мясо
_eлистовка
_fБежецкая уезд. продовольственная тройка]
210 _aБежецк
_cИзд-ние Упродкома
_cБеж. гос. тип.
_d1921
215 _a1 с.
_d29х18
300 _aПодписи: член уполном. Губисполкома Виноградов; председатель Упродтройки Пашин; упродкомиссар Красов; секретарь А. Шустров
325 _aКопия доступна в Электрон. б-ке РНБ
517 1 _aО выполнении налога на мясо
607 _aРСФСР
_jЛистовки
_xПолитика и управление
_y1917 - 1925
_92312782
_3RU\NLR\auth\6601609564
607 _aТверская губерния
_jЛистовки
_xПолитика и управление
_z1917 - 1925
_92596956
_3RU\NLR\AUTH\6601743752
686 0 _aТ3(2)71-313,011
686 0 _aТ3(2Р-7Тв)71-313,011
702 1 _4720
_aВиноградов
_cдеятель местного управления, Тверская губерния
_9192667
_3RU\NLR\AUTH\770192718
702 1 _4720
_aПашин
_cдеятель местного управления, г. Бежецк
_9191216
_3RU\NLR\AUTH\770191267
702 1 _4720
_aКрасов
_cдеятель местного управления, г. Бежецк
_9191222
_3RU\NLR\AUTH\770191273
702 1 _4720
_7ca
_8rus
_aШустров
_bА.
_cобществ. деятель
_9172405
_3RU\NLR\AUTH\770172455
710 0 2 _aБежецкая уездная продовольственная тройка
_9591525
_3RU\NLR\AUTH\880464487
852 0 0 _aNLR
_bФЛ
_j55/12
942 _cBOOK
980 _aNB
981 2 1 _a(21) Листовки
_b(21) Листовки 1921 года